| 000 | 00863nam a22002897a 4500 | ||
|---|---|---|---|
| 003 | CHAP | ||
| 005 | 20220329135350.0 | ||
| 008 | 971013s1969 r 00010 d | ||
| 010 | _a35126 | ||
| 011 | _a36098 | ||
| 035 | _a40217 | ||
| 040 | _cCHAP | ||
| 082 |
_a577 _bO6Y |
||
| 100 | 0 | 0 |
_aOparin, Alexander Ivanovich. _983355 |
| 245 | _aGenesis and evolutionary development of life | ||
| 260 |
_aNew York : _bAcademic Press, _c1969 |
||
| 300 |
_a203 p. _b: ilus. |
||
| 590 |
_aBATCH-UPD _b10 _c20130110 _lUCH01 _h1831 |
||
| 590 |
_aBATCH-UPD _b10 _c20130410 _lUCH01 _h1203 |
||
| 590 |
_aBATCH-UPD _b10 _c20130914 _lUCH01 _h1335 |
||
| 590 |
_aCONVERSION _b10 _c20130109 _lUCH01 _h1320 |
||
| 650 | 1 | 4 |
_aEvolución. _939007 |
| 650 | 1 | 4 |
_aVida _xOrigen. _9119147 |
| 901 | _aBK | ||
| 942 | _cLIBRO | ||
| 949 |
_a577 O6Y _bBC _cLIBRO _d33724000423661 _eLIBRO _h15497 _i40217 _si |
||
| 999 |
_c35126 _d35126 |
||